000 00787cam a22002413a 4500
001 15563
003 PGUSA
005 20140828083331.0
008 050406s2005||||xxu|||||s|||||000 | eng d
040 _aPGUSA
_beng
042 _adc
050 4 _aBT
100 1 _aRogers, Henry,
_d1806-1877
245 1 0 _aReason and Faith; Their Claims and Conflicts :
_bFrom The Edinburgh Review, October 1849, Volume 90, No. CLXXXII. (Pages 293-356)
_h[electronic resource] /
_cHenry Rogers
260 _bProject Gutenberg,
_c2005
506 _aPublic domain in the USA.
516 _aElectronic text
653 _aFaith and reason -- Christianity
653 _aChristianity -- Philosophy
830 0 _aProject Gutenberg
_v15563
856 4 0 _uhttp://www.gutenberg.org/ebooks/15563
942 _cEB
999 _c244818
_d244818